Economía de los derechos / (Registro nro. 5165)
[ vista simple ]
| 000 -LEADER | |
|---|---|
| fixed length control field | 01172nam a2200241Ia 4500 |
| 003 - CONTROL NUMBER IDENTIFIER | |
| control field | OSt |
| 005 - DATE AND TIME OF LATEST TRANSACTION | |
| control field | 20200407220240.0 |
| 008 - FIXED-LENGTH DATA ELEMENTS--GENERAL INFORMATION | |
| fixed length control field | 191128s9999 ck gr 000 0dspa d |
| 020 ## - INTERNATIONAL STANDARD BOOK NUMBER | |
| International Standard Book Number | 9588235197 |
| 040 ## - CATALOGING SOURCE | |
| Original cataloging agency | CO-JMCR |
| Transcribing agency | CO-JMCR |
| 041 0# - LANGUAGE CODE | |
| Language code of text/sound track or separate title | spa |
| 082 04 - DEWEY DECIMAL CLASSIFICATION NUMBER | |
| Classification number | 323.04 / |
| Item number | L662e |
| Edition number | 21 |
| 100 1# - MAIN ENTRY--PERSONAL NAME | |
| Personal name | López Obregón, Clara Eugenia, |
| Relator term | autora |
| 9 (RLIN) | 2736 |
| 245 10 - TITLE STATEMENT | |
| Title | Economía de los derechos / |
| Statement of responsibility, etc. | Clara Eugenia López Obregón |
| 260 ## - PUBLICATION, DISTRIBUTION, ETC. | |
| Place of publication, distribution, etc. | Bogotá : |
| Name of publisher, distributor, etc. | Universidad Externado de Colombia, |
| Date of publication, distribution, etc. | 2009 |
| 300 ## - PHYSICAL DESCRIPTION | |
| Extent | 241 páginas ; |
| Dimensions | 24 cm. |
| 500 ## - GENERAL NOTE | |
| General note | Incluye biografiá de la autroa en solapa frontal. |
| 505 0# - FORMATTED CONTENTS NOTE | |
| Formatted contents note | La corte constitucional: usurpadora o garantista -- Cómo hacer exigibles los derechos sociales fundamentales -- Garantía de un ingreso complementario mínimo: el caso de Venezuela -- Justicia impositiva -- Teoría del déficit fiscal |
| 520 ## - SUMMARY, ETC. | |
| Summary, etc. | "Atrevidamente, me permito asegurar que si bien las tesis planteadas por la autora son de por si valiosas y originales, es igualmente valiosa la perspectiva epistemológica desde la cual se aborda el texto, |
| 650 14 - SUBJECT ADDED ENTRY--TOPICAL TERM | |
| Topical term or geographic name entry element | Economía y derecho |
| General subdivision | derechos |
| 9 (RLIN) | 2737 |
| 650 14 - SUBJECT ADDED ENTRY--TOPICAL TERM | |
| Topical term or geographic name entry element | Control fiscal |
| 9 (RLIN) | 2738 |
| 942 ## - ADDED ENTRY ELEMENTS (KOHA) | |
| Source of classification or shelving scheme | Dewey Decimal Classification |
| Koha item type | Books |
| Withdrawn status | Lost status | Source of classification or shelving scheme | Damaged status | Not for loan | Collection code | Home library | Current library | Date acquired | Source of acquisition | Cost, normal purchase price | Total Checkouts | Full call number | Barcode | Date last seen | Copy number | Koha item type |
|---|---|---|---|---|---|---|---|---|---|---|---|---|---|---|---|---|
| Dewey Decimal Classification | Non-fiction | Biblioteca Pública José María del Castillo y Rada | Biblioteca Pública José María del Castillo y Rada | 04/15/2018 | Donación | 0.00 | 323.04 / L662e | 430001390 | 05/16/2024 | Ej.1 | Books |